000 002460000a22001090004500
020 _a956-249-349-0
245 1 0 _aMi primer libro de ropa
260 _aSantiago: Salo Editores
300 _a[ 8 p. ]
440 0 _aCol. \ Mi primer libro
001 498
999 _c47713
_d47713